000 00645nam a2200181 i 4500
001 32503
003 ES-MaACL
005 20230906154602.0
007 t|
008 030131s1968 sp ||||1| spa d
100 1 _aBerrigán, Daniel.
_928377
245 1 0 _aNos tienen por hombres muertos
_b: sugerencias sobre la vida y la conciencia /
_cDaniel Berrigán ; introducción de William Stringfellow ; traducción... por Rafael Caldentey.
260 _aMadrid :
_bStudium,
_c[1968]
300 _a222 p. ;
_c20 cm.
700 1 _aStringfellow, William.
_9108436
700 1 _aCaldentey Prohens, Rafael.
_933579
852 _aES-MaACL
_jG-4557
_bR.68167
999 _c32503
_d32503